| 000 | 00769nam a22002417a 4500 | ||
|---|---|---|---|
| 003 | KOHA_MİRAKIL | ||
| 005 | 20260416092646.0 | ||
| 008 | 260416b tu ||||| |||| 00| 0 tur d | ||
| 020 | _a9789755336930 | ||
| 040 |
_aTR-AnABB _btur _cTR-AnABB |
||
| 041 | _atur | ||
| 082 |
_a320.9561 _bSEN 2011 |
||
| 100 | 1 | _aŞengül, H. Tarık | |
| 245 | 1 | 0 |
_aMuhafazakar popülizm : _biki rekat bir zekat gerisi rant / _cH. Tarık Şengül |
| 250 | _a1. baskı | ||
| 260 |
_aAnkara : _bİmge Kitabevi, _c2011 |
||
| 300 |
_a222 sayfa ; _c20 cm |
||
| 500 | _aYazar tarafından Prof Dr. Ruşen Keleş için imzalanmıştır. | ||
| 650 | 0 | 4 | _aSiyaset, Türkiye, 21. Yüzyıl |
| 650 | 0 | 4 | _aKentsel rant |
| 900 | _bCan ÇELIK | ||
| 942 |
_2ddc _cBK |
||
| 999 |
_c10294 _d10294 |
||